000 00659nam a2200169 4500
008 240122b |||||||| |||| 00| 0 eng d
020 _a9789555801591
082 _a362.8292
_bKOD
100 _aKodikara, Chulani
245 _a Balancing acts :
_bcounselling for intimate partner violence against women in the two districts of Anuradhapura and Batticaloa
260 _aColombo :
_b International Centre for Ethnic Studies,
_c2014
300 _avi, 41 p. ; 30 cm.
_bBibliography included
440 _aICES working paper series
_vno. 6
650 _aIntimate partner violence -- Sri Lanka
650 _aWomen -- Violence against -- Sri Lanka
942 _cRP
999 _c4670
_d4670